[Event "Rated Blitz game"]
[Site "?"]
[Date "2021.05.13"]
[Round "?"]
[White "AnatolBalta"]
[Black "pasha1984"]
[Result "1-0"]
[WhiteElo "2404"]
[BlackElo "2397"]
[PlyCount "45"]
[EventDate "2021.??.??"]
[EventType "blitz"]

1. e4 e5 2. Nf3 d5 3. exd5 e4 4. Qe2 Nf6 5. d3 Qxd5 6. Nfd2 Nc6 7. Nxe4 Be6 8.
Nbc3 Bb4 9. Bd2 Bxc3 10. Bxc3 Nd4 11. Nxf6+ gxf6 12. Bxd4 Qxd4 13. c3 Qb6 14.
d4 O-O-O 15. O-O-O Bxa2 16. Qg4+ Be6 17. Qf4 Qa5 18. Bd3 Rhg8 19. g3 f5 20. Bb1
Rg4 21. Qe5 Qa6 22. Bxf5 Bxf5 23. Qxf5+ {Normal} 1-0

[Event "Rated Blitz game"]
[Site "?"]
[Date "2021.05.13"]
[Round "?"]
[White "jbTraining"]
[Black "Gifroy"]
[Result "1/2-1/2"]
[WhiteElo "2451"]
[BlackElo "2433"]
[PlyCount "109"]
[EventDate "2021.??.??"]
[EventType "blitz"]

1. e4 e5 2. Nf3 d5 3. Nxe5 Bd6 4. d4 dxe4 5. Bf4 Nf6 6. Qd2 O-O 7. Be2 Nc6 8.
Nc3 Bf5 9. O-O Bxe5 10. dxe5 Qxd2 11. Bxd2 Nxe5 12. Bg5 c6 13. Rad1 Rad8 14. h3
h6 15. Bxf6 gxf6 16. Kh2 Bg6 17. g4 f5 18. Kg3 fxg4 19. hxg4 Nd7 20. Rd6 Nc5
21. Rfd1 Rxd6 22. Rxd6 a5 23. a3 a4 24. Bc4 Kg7 25. b4 axb3 26. cxb3 b5 27.
Rxc6 bxc4 28. Rxc5 cxb3 29. Rb5 Rd8 30. Rxb3 Rd3+ 31. Kg2 h5 32. a4 hxg4 33. a5
e3 34. fxe3 Rxe3 35. a6 Be4+ 36. Kf2 Rf3+ 37. Ke2 Bd3+ 38. Kd2 Bxa6 39. Rb6 Bc8
40. Nd5 Be6 41. Ne3 g3 42. Rb1 Rf2+ 43. Kd3 f5 44. Rg1 f4 45. Nd1 Bh3 46. Nxf2
Bf5+ 47. Ke2 Kf6 48. Nd3 Kg5 49. Ne1 Kg4 50. Rf1 Be4 51. Nf3 Bxf3+ 52. Rxf3 g2
53. Rxf4+ Kxf4 54. Kf2 Kg4 55. Kxg2 {Normal} 1/2-1/2

[Event "Rated Blitz game"]
[Site "?"]
[Date "2021.05.13"]
[Round "?"]
[White "jbTraining"]
[Black "Gifroy"]
[Result "0-1"]
[WhiteElo "2457"]
[BlackElo "2428"]
[PlyCount "46"]
[EventDate "2021.??.??"]
[EventType "blitz"]

1. e4 e5 2. Nf3 d5 3. exd5 e4 4. Ne5 Qxd5 5. d4 exd3 6. Nxd3 Nc6 7. Nc3 Bb4 8.
Bd2 Bxc3 9. Bxc3 Nf6 10. Qe2+ Be6 11. Nf4 Qf5 12. Nxe6 fxe6 13. O-O-O O-O 14.
h3 Ne4 15. g4 Qf4+ 16. Bd2 Nxd2 17. Rxd2 Rad8 18. Qxe6+ Kh8 19. Bd3 Ne5 20.
Rhd1 Nf3 21. Qe7 Nxd2 22. Rxd2 Rde8 23. Qh4 Re1# {Normal} 0-1

[Event "Rated Blitz game"]
[Site "?"]
[Date "2021.05.13"]
[Round "?"]
[White "Elgranconejo"]
[Black "anjaya01"]
[Result "0-1"]
[WhiteElo "2454"]
[BlackElo "2409"]
[PlyCount "64"]
[EventDate "2021.??.??"]
[EventType "blitz"]

1. e4 e5 2. Nf3 d5 3. exd5 Bd6 4. Bb5+ Kf8 5. d3 f5 6. Nc3 Nf6 7. Bg5 h6 8.
Bxf6 Qxf6 9. O-O g5 10. d4 e4 11. Ne5 a6 12. Ba4 b5 13. Bb3 g4 14. Ne2 f4 15.
g3 f3 16. Nf4 h5 17. Nfg6+ Kg7 18. Nxh8 Kxh8 19. Qd2 Bf5 20. c3 Nd7 21. Nxd7
Bxd7 22. Rae1 Re8 23. Bc2 Bf5 24. Re3 h4 25. Rfe1 Qg6 26. Qc1 Bf8 27. Qb1 hxg3
28. fxg3 Qh6 29. Bxe4 f2+ 30. Kxf2 Qxh2+ 31. Bg2 Rxe3 32. Rxe3 Bxb1 {Normal}
0-1

[Event "Rated Blitz game"]
[Site "?"]
[Date "2021.05.13"]
[Round "?"]
[White "oj_ossa"]
[Black "GoughPhar"]
[Result "1-0"]
[WhiteElo "2471"]
[BlackElo "2423"]
[PlyCount "38"]
[EventDate "2021.??.??"]
[EventType "blitz"]

1. e4 e5 2. Nf3 d5 3. Nc3 Nf6 4. exd5 e4 5. Qe2 Be7 6. Nd4 O-O 7. g3 Bg4 8. Qe3
c6 9. dxc6 Nxc6 10. Nxc6 bxc6 11. Bg2 Qa5 12. O-O Rfe8 13. Nxe4 Nxe4 14. Bxe4
Qh5 15. Bxc6 Rac8 16. Bxe8 Bf3 17. Qxe7 Rc5 18. Bxf7+ Qxf7 19. Qxf7+ Kxf7 {
Normal} 1-0

[Event "Rated Blitz game"]
[Site "?"]
[Date "2021.05.13"]
[Round "?"]
[White "cyrilortega62"]
[Black "anjaya01"]
[Result "1-0"]
[WhiteElo "2471"]
[BlackElo "2406"]
[PlyCount "77"]
[EventDate "2021.??.??"]
[EventType "blitz"]

1. e4 e5 2. Nf3 d5 3. Nxe5 Bd6 4. d4 dxe4 5. Nxf7 Kxf7 6. Bc4+ Be6 7. Bxe6+
Kxe6 8. O-O Kf7 9. Qh5+ g6 10. Qd5+ Kg7 11. Qxb7 Nd7 12. Qxe4 h5 13. c4 Ngf6
14. Qd3 Rb8 15. Nc3 a6 16. h3 Ng4 17. g3 h4 18. hxg4 hxg3 19. fxg3 Ne5 20. Qe2
Nf7 21. Qf3 Rf8 22. c5 Be7 23. Bf4 Qxd4+ 24. Be3 Qe5 25. Qe4 Qxe4 26. Nxe4 Rxb2
27. Bd4+ Kg8 28. Bxb2 Rb8 29. Bf6 Bf8 30. Rab1 Re8 31. Rbe1 Re6 32. Bd4 Be7 33.
Nf6+ Bxf6 34. Bxf6 Rc6 35. Re8+ Kh7 36. Re7 Kg8 37. Bd4 Ng5 38. Rg7+ Kh8 39.
Rf8# {Normal} 1-0

[Event "Rated Blitz game"]
[Site "?"]
[Date "2021.05.13"]
[Round "?"]
[White "afchex"]
[Black "Gifroy"]
[Result "1-0"]
[WhiteElo "2435"]
[BlackElo "2402"]
[PlyCount "45"]
[EventDate "2021.??.??"]
[EventType "blitz"]

1. e4 e5 2. Nf3 d5 3. Nxe5 Bd6 4. d4 dxe4 5. Bc4 Bxe5 6. Qh5 Qe7 7. Qxe5 Qxe5
8. dxe5 Nc6 9. Bf4 Bf5 10. Nc3 Nge7 11. Bg3 Ng8 12. Bb5 Nge7 13. O-O-O Rd8 14.
Rxd8+ Kxd8 15. Re1 Re8 16. Nxe4 a6 17. Ba4 Kc8 18. Ng5 Rg8 19. Bb3 Nd8 20. Nxf7
Nxf7 21. Bxf7 Rf8 22. e6 Bg6 23. Bh4 {Normal} 1-0

[Event "Rated Blitz game"]
[Site "?"]
[Date "2021.05.13"]
[Round "?"]
[White "SateliteLag"]
[Black "GoughPhar"]
[Result "0-1"]
[WhiteElo "2420"]
[BlackElo "2411"]
[PlyCount "62"]
[EventDate "2021.??.??"]
[EventType "blitz"]

1. e4 e5 2. Nf3 d5 3. Nxe5 Bd6 4. d4 dxe4 5. Nc3 Bxe5 6. dxe5 Qxd1+ 7. Nxd1 Nc6
8. Bb5 Bd7 9. Bf4 Nge7 10. Bg3 Nxe5 11. Bxe5 Bxb5 12. Bxc7 Rc8 13. Be5 Rxc2 14.
Nc3 Bd3 15. Bxg7 Rg8 16. Bd4 Nc6 17. Be3 Rxg2 18. Nd5 Rxb2 19. h4 Ne5 20. Rc1
Bc4 21. Nf6+ Ke7 22. Bc5+ Kxf6 23. Bd4 Rgxf2 24. Rxc4 Rfe2+ 25. Kd1 Rbd2+ 26.
Kc1 Ke6 27. Bxe5 Kxe5 28. Rc7 Rxa2 29. Rxb7 Ra1+ 30. Rb1 Rxb1+ 31. Kxb1 e3 {
Normal} 0-1

[Event "Rated Blitz game"]
[Site "?"]
[Date "2021.05.13"]
[Round "?"]
[White "oj_ossa"]
[Black "ahoramahora"]
[Result "0-1"]
[WhiteElo "2448"]
[BlackElo "2357"]
[PlyCount "54"]
[EventDate "2021.??.??"]
[EventType "blitz"]

1. e4 e5 2. Nf3 d5 3. Nc3 d4 4. Ne2 Bd6 5. Ng3 Nc6 6. Bc4 Nf6 7. d3 O-O 8. O-O
Re8 9. a3 Bf8 10. Ba2 Be6 11. Kh1 Bxa2 12. Rxa2 g6 13. Bg5 Bg7 14. Qd2 Qd7 15.
h3 Qe6 16. Nh4 Qxa2 17. Bh6 Qe6 18. Bxg7 Kxg7 19. Ngf5+ gxf5 20. Qg5+ Kh8 21.
Nxf5 Rg8 22. Qh4 Rg6 23. f4 exf4 24. Rxf4 Rag8 25. g4 Ne5 26. Nh6 Nfxg4 27.
hxg4 Rxh6 {Normal} 0-1

[Event "Rated Rapid game"]
[Site "?"]
[Date "2021.05.13"]
[Round "?"]
[White "VRK"]
[Black "Delyvj"]
[Result "0-1"]
[WhiteElo "2429"]
[BlackElo "2436"]
[PlyCount "24"]
[EventDate "2021.??.??"]
[EventType "rapid"]

1. e4 e5 2. Nf3 d5 3. Nxe5 dxe4 4. Bc4 Qg5 5. Nxf7 Qxg2 6. Rf1 Bg4 7. f3 exf3
8. Nxh8 Be7 9. Bf7+ Kf8 10. Rf2 Bh4 11. Qe2 fxe2 12. Bd5+ Qxf2# {Normal} 0-1

[Event "Rated Blitz game"]
[Site "?"]
[Date "2021.05.13"]
[Round "?"]
[White "Sir_Lancelot1988"]
[Black "Gifroy"]
[Result "1-0"]
[WhiteElo "2472"]
[BlackElo "2411"]
[PlyCount "79"]
[EventDate "2021.??.??"]
[EventType "blitz"]

1. e4 e5 2. Nf3 d5 3. d4 dxe4 4. Nxe5 Bd6 5. Nc4 Be7 6. Nc3 Bf5 7. Ne3 Bg6 8.
Bc4 Nf6 9. O-O O-O 10. Ne2 c6 11. Nf4 Nbd7 12. c3 Nb6 13. Bb3 Nfd5 14. Nfxd5
Nxd5 15. Nxd5 cxd5 16. f4 f5 17. Be3 Bf7 18. Rc1 b5 19. Qe2 a6 20. a4 Qb6 21.
axb5 axb5 22. Ra1 h6 23. h3 Rfc8 24. Rfc1 Ra5 25. Rxa5 Qxa5 26. g4 Rc6 27. gxf5
Rf6 28. Kh2 Rxf5 29. Rg1 Qb6 30. Qg4 Qf6 31. Qe2 Bd6 32. Qxb5 Bxf4+ 33. Bxf4
Rxf4 34. Rg2 Rf1 35. Qb8+ Kh7 36. Qg3 Qf4 37. Qxf4 Rxf4 38. Rc2 e3 39. Re2 Re4
40. Bc2 {Normal} 1-0

[Event "Rated Blitz game"]
[Site "?"]
[Date "2021.05.13"]
[Round "?"]
[White "Protput"]
[Black "Gifroy"]
[Result "0-1"]
[WhiteElo "2428"]
[BlackElo "2399"]
[PlyCount "62"]
[EventDate "2021.??.??"]
[EventType "blitz"]

1. e4 e5 2. Nf3 d5 3. Nxe5 Bd6 4. d4 dxe4 5. Nc4 Be7 6. Be2 Bf5 7. O-O Nf6 8.
Ne3 Bg6 9. c4 O-O 10. Nc3 Nc6 11. Ned5 Bb4 12. Nxf6+ Qxf6 13. Nd5 Qxd4 14. Nxb4
Qxd1 15. Rxd1 Nxb4 16. Be3 Nc2 17. Rac1 Nxe3 18. fxe3 Rad8 19. Kf2 f5 20. c5
Bf7 21. a3 Bb3 22. Rd4 Rxd4 23. exd4 f4 24. Rc3 Bd5 25. Bc4 c6 26. Bxd5+ cxd5
27. b4 g5 28. b5 Kf7 29. a4 Rc8 30. c6 bxc6 31. bxc6 Ke6 {Normal} 0-1

[Event "Rated Blitz game"]
[Site "?"]
[Date "2021.05.13"]
[Round "?"]
[White "polgaTR"]
[Black "Gifroy"]
[Result "0-1"]
[WhiteElo "2375"]
[BlackElo "2401"]
[PlyCount "66"]
[EventDate "2021.??.??"]
[EventType "blitz"]

1. e4 e5 2. Nf3 d5 3. d3 dxe4 4. dxe4 Qxd1+ 5. Kxd1 Bg4 6. Be2 Nc6 7. c3 f5 8.
Ng5 Bxe2+ 9. Kxe2 fxe4 10. Be3 Nf6 11. Nd2 Bd6 12. Ngxe4 O-O-O 13. h3 Nd5 14.
Ng5 Rd7 15. Nde4 h6 16. Nf3 Re8 17. Rad1 Nf4+ 18. Kf1 Bf8 19. Rxd7 Kxd7 20. g3
Nd5 21. Ke2 Nxe3 22. Kxe3 Ke6 23. Rd1 b6 24. h4 Ne7 25. h5 Nf5+ 26. Ke2 Bd6 27.
a4 Rb8 28. b4 Ne7 29. Nfd2 a5 30. bxa5 bxa5 31. Nc4 Nd5 32. Ncxd6 cxd6 33. Nxd6
Nxc3+ {Normal} 0-1

[Event "Rated Blitz game"]
[Site "?"]
[Date "2021.05.13"]
[Round "?"]
[White "James78"]
[Black "Gifroy"]
[Result "1-0"]
[WhiteElo "2440"]
[BlackElo "2392"]
[PlyCount "55"]
[EventDate "2021.??.??"]
[EventType "blitz"]

1. e4 e5 2. Nf3 d5 3. d3 dxe4 4. dxe4 Qxd1+ 5. Kxd1 Bg4 6. Be2 Nc6 7. Nbd2
O-O-O 8. c3 f5 9. Kc2 Nf6 10. h3 fxe4 11. hxg4 exf3 12. Bxf3 Bd6 13. g5 Ng8 14.
Be4 Nge7 15. Nf3 g6 16. Be3 Rdf8 17. Rh3 Nf5 18. Rah1 Nxe3+ 19. fxe3 Bc5 20.
Rxh7 Rxh7 21. Rxh7 Bxe3 22. Bxg6 Nd8 23. Be4 Rg8 24. Bf5+ Kb8 25. g6 Nc6 26. g7
a5 27. Rh8 Ne7 28. Be6 {Normal} 1-0

[Event "Rated Blitz game"]
[Site "?"]
[Date "2021.05.13"]
[Round "?"]
[White "chessunju"]
[Black "GoughPhar"]
[Result "0-1"]
[WhiteElo "2381"]
[BlackElo "2402"]
[PlyCount "92"]
[EventDate "2021.??.??"]
[EventType "blitz"]

1. e4 e5 2. Nf3 d5 3. Nxe5 Bd6 4. d4 dxe4 5. Nc4 Nf6 6. Nxd6+ Qxd6 7. Be2 Nc6
8. Be3 Nd5 9. Qd2 Nxe3 10. fxe3 O-O 11. a3 f5 12. g3 f4 13. gxf4 Qh6 14. h4 Ne7
15. Nc3 Bf5 16. O-O-O c6 17. Rdg1 b5 18. Rg5 Qe6 19. Rhg1 g6 20. h5 a5 21. hxg6
hxg6 22. b3 b4 23. Na4 bxa3 24. Bc4 Nd5 25. Nc5 Qd6 26. Qh2 Kg7 27. Qg2 Rf6 28.
Nxe4 Bxe4 29. Qxe4 a2 30. Kb2 a1=Q+ 31. Kxa1 a4 32. Kb2 axb3 33. cxb3 Ra2+ 34.
Kxa2 Nc3+ 35. Kb2 Nxe4 36. Bd3 Nxg5 37. Rxg5 Kf7 38. Re5 Rxf4 39. Bc4+ Kg7 40.
Re6 Rf2+ 41. Kc3 Qa3 42. Bd3 Qb2+ 43. Kb4 Qd2+ 44. Kc4 Qc1+ 45. Kb4 Rf6 46.
Re7+ Kh6 {Time forfeit} 0-1

[Event "Rated Blitz game"]
[Site "?"]
[Date "2021.05.13"]
[Round "?"]
[White "SateliteLag"]
[Black "anjaya01"]
[Result "0-1"]
[WhiteElo "2391"]
[BlackElo "2411"]
[PlyCount "79"]
[EventDate "2021.??.??"]
[EventType "blitz"]

1. e4 e5 2. Nf3 d5 3. Nxe5 Bd6 4. d4 dxe4 5. Nc4 f5 6. Nc3 Nf6 7. Bg5 Bb4 8. a3
Bxc3+ 9. bxc3 O-O 10. Ne5 Kh8 11. Bc4 Qe7 12. h4 Nbd7 13. Ng6+ hxg6 14. h5 Kh7
15. hxg6+ Kxg6 16. Qd2 Nb6 17. Be2 Kf7 18. a4 Be6 19. a5 Nc4 20. Qf4 Rh8 21.
Rf1 Nd5 22. Qg3 Qd6 23. Bxc4 Qxg3 24. fxg3 Kg6 25. Bd2 Rh2 26. Rg1 c6 27. Bxd5
Bxd5 28. Be3 Kh5 29. Rb1 Kg4 30. Kf2 g5 31. Rb4 f4 32. gxf4 gxf4 33. Bxf4 Kxf4
34. Rxb7 e3+ 35. Ke2 Rf8 36. Kd3 Be4+ 37. Kc4 e2 38. Kc5 Ke3 39. Re7 Rf1 40.
Rxe4+ {Normal} 0-1

[Event "Rated Blitz game"]
[Site "?"]
[Date "2021.05.13"]
[Round "?"]
[White "chadi_chess"]
[Black "Schachelite"]
[Result "1/2-1/2"]
[WhiteElo "2382"]
[BlackElo "2424"]
[PlyCount "105"]
[EventDate "2021.??.??"]
[EventType "blitz"]

1. e4 e5 2. Nf3 d5 3. exd5 e4 4. Nd4 Qxd5 5. Nb3 Bd6 6. Nc3 Qe5 7. Qe2 Nf6 8.
d4 exd3 9. Qxe5+ Bxe5 10. Bxd3 O-O 11. O-O Nc6 12. a3 Bxc3 13. bxc3 Be6 14. Bg5
Nd5 15. c4 Nb6 16. Bf4 Bxc4 17. Bxc7 Bxd3 18. cxd3 Nd5 19. Bg3 Rfd8 20. Rac1
Rac8 21. Nc5 b6 22. Ne4 Nd4 23. Rxc8 Rxc8 24. Re1 f5 25. Nd6 Rc1 26. Rxc1 Ne2+
27. Kf1 Nxc1 28. Nxf5 Nxd3 29. Bd6 g6 30. Nd4 Kf7 31. Ke2 N3f4+ 32. Kf3 Ne6 33.
Ke4 Nc3+ 34. Ke5 Nxd4 35. Kxd4 Ke6 36. Kxc3 Kxd6 37. Kc4 Kc6 38. f4 b5+ 39. Kb4
Kb6 40. g4 a5+ 41. Kc3 Kc5 42. h4 Kd5 43. Kd3 b4 44. axb4 axb4 45. h5 gxh5 46.
gxh5 h6 47. f5 Ke5 48. Kc4 Kxf5 49. Kxb4 Kg5 50. Kc3 Kxh5 51. Kd3 Kg4 52. Ke2
Kg3 53. Kf1 {Normal} 1/2-1/2

[Event "Rated Blitz game"]
[Site "?"]
[Date "2021.05.13"]
[Round "?"]
[White "hmnotanatix"]
[Black "Gifroy"]
[Result "0-1"]
[WhiteElo "2499"]
[BlackElo "2398"]
[PlyCount "54"]
[EventDate "2021.??.??"]
[EventType "blitz"]

1. e4 e5 2. Nf3 d5 3. exd5 e4 4. Qe2 Nf6 5. c4 c6 6. dxc6 Nxc6 7. Nc3 Bf5 8.
Nh4 Nd4 9. Qd1 Bg4 10. Be2 Nxe2 11. Nxe2 Qd3 12. f3 exf3 13. gxf3 Bxf3 14. Nxf3
Qxf3 15. Rf1 Qc6 16. d3 Bb4+ 17. Bd2 Bxd2+ 18. Qxd2 O-O 19. O-O-O Rad8 20. Qg5
h6 21. Qh5 Nxh5 22. Rf6 Nxf6 23. Rh1 Rxd3 24. h4 Qxc4+ 25. Kb1 Rfd8 26. Rd1
Rxd1+ 27. Nc1 Qxc1# {Normal} 0-1

[Event "Rated Blitz game"]
[Site "?"]
[Date "2021.05.13"]
[Round "?"]
[White "Sir_Lancelot1988"]
[Black "Gifroy"]
[Result "1-0"]
[WhiteElo "2470"]
[BlackElo "2413"]
[PlyCount "65"]
[EventDate "2021.??.??"]
[EventType "blitz"]

1. e4 e5 2. Nf3 d5 3. d4 dxe4 4. Nxe5 Bd6 5. Nc4 Be7 6. Nc3 Bf5 7. Ne3 Bg6 8.
Bc4 Nf6 9. O-O Nc6 10. d5 Ne5 11. Bb5+ Ned7 12. b3 O-O 13. Bb2 a6 14. Be2 Bd6
15. Nc4 Be7 16. d6 cxd6 17. Nxd6 Qc7 18. Nc4 b5 19. Ne3 Rac8 20. Ncd5 Nxd5 21.
Nxd5 Qd8 22. Nxe7+ Qxe7 23. c4 b4 24. Qd4 Nf6 25. Rad1 h5 26. Qb6 h4 27. Qe3
Qe6 28. h3 Qf5 29. Rd6 Rcd8 30. Rxa6 Rd7 31. Bxf6 gxf6 32. Bg4 Rd3 33. Bxf5 {
Normal} 1-0

[Event "Rated Blitz game"]
[Site "?"]
[Date "2021.05.13"]
[Round "?"]
[White "Ahmed-abdelsattar"]
[Black "liaqat321"]
[Result "0-1"]
[WhiteElo "2468"]
[BlackElo "2343"]
[PlyCount "150"]
[EventDate "2021.??.??"]
[EventType "blitz"]

1. e4 e5 2. Nf3 d5 3. Nxe5 Bd6 4. d4 dxe4 5. Nc4 Nf6 6. Bg5 Bf5 7. Ne3 Bg6 8.
c4 O-O 9. Nc3 Nc6 10. Be2 h6 11. Bh4 a6 12. O-O Nxd4 13. Ncd5 Nxe2+ 14. Qxe2
Be7 15. Nxe7+ Qxe7 16. Nd5 Qd6 17. Nxf6+ gxf6 18. Rad1 Qe6 19. Qe3 Kg7 20. Rd5
c6 21. Rd4 Rad8 22. Rfd1 Rxd4 23. Qxd4 Re8 24. Re1 b5 25. cxb5 axb5 26. b4 Qe5
27. Rd1 Qxd4 28. Rxd4 Re6 29. Kf1 f5 30. Ke2 f4 31. a3 Bh5+ 32. Ke1 e3 33. Rxf4
exf2+ 34. Kxf2 Re2+ 35. Kf1 Re3 36. g4 Bg6 37. Bf6+ Kh7 38. Bb2 Rb3 39. Rf2
Bd3+ 40. Ke1 Be4 41. h4 Bd5 42. Kd1 Rg3 43. Rf4 Bf3+ 44. Kd2 Bd5 45. h5 Be6 46.
Rd4 Rg2+ 47. Kc1 Rg1+ 48. Kc2 Rxg4 49. Rd8 Rg8 50. Rxg8 Kxg8 51. Bc1 Kh7 52.
Kd3 Bg4 53. Kd4 Bxh5 54. Kc5 Bf3 55. Kd4 Kg6 56. Ke3 Bd5 57. Kf4 f5 58. Be3 h5
59. Bf2 Be4 60. Bh4 Kf7 61. Ke5 Kg6 62. Kf4 Bd3 63. Ke5 Be2 64. Kf4 Bg4 65. Ke5
Kf7 66. Kf4 Ke6 67. Bg3 Kd5 68. Bf2 Kc4 69. Bc5 Kb3 70. Kg5 Kxa3 71. Bd6 Kb3
72. Kh4 Kc4 73. Kg5 Kd5 74. Bf4 Ke4 75. Bd6 Kf3 {Time forfeit} 0-1

[Event "Rated Blitz game"]
[Site "?"]
[Date "2021.05.13"]
[Round "?"]
[White "oj_ossa"]
[Black "anjaya01"]
[Result "1-0"]
[WhiteElo "2463"]
[BlackElo "2413"]
[PlyCount "149"]
[EventDate "2021.??.??"]
[EventType "blitz"]

1. e4 e5 2. Nf3 d5 3. Nc3 Bd6 4. Nxd5 f5 5. Bc4 fxe4 6. Nxe5 Bxe5 7. Qh5+ Kf8
8. Qxe5 Nc6 9. Qxe4 Nf6 10. Nxf6 Qxf6 11. O-O Bf5 12. Qf3 Bxc2 13. Qxf6+ gxf6
14. b3 Rd8 15. Bb2 Kg7 16. Rac1 Bd3 17. Bxd3 Rxd3 18. Bc3 Rhd8 19. Rfe1 R8d7
20. Re6 R3d6 21. Bxf6+ Kf7 22. Rxd6 Rxd6 23. Bc3 b5 24. a3 a5 25. b4 a4 26. Re1
Nd4 27. Re5 c6 28. Rh5 Ne2+ 29. Kf1 Nxc3 30. dxc3 Rd2 31. Rc5 Ra2 32. Rxc6 Rxa3
33. Rc5 Rb3 34. Rxb5 Rxc3 35. Ra5 a3 36. Ke2 Ke6 37. g4 Kd6 38. h4 Rb3 39. f3
Rb2+ 40. Ke3 a2 41. g5 Ke6 42. h5 Kf7 43. Ra7+ Kg8 44. h6 Rg2 45. f4 Rb2 46.
Kf3 Kf8 47. f5 Rb3+ 48. Kg4 Rxb4+ 49. Kh5 Rb5 50. Rxa2 Rxf5 51. Ra7 Kg8 52.
Rg7+ Kh8 53. Rb7 Re5 54. Kg4 Re8 55. Rf7 Kg8 56. Rg7+ Kh8 57. Rd7 Kg8 58. g6
hxg6 59. Kg5 Re6 60. Rd8+ Kh7 61. Rd7+ Kg8 62. h7+ Kh8 63. Kh6 g5+ 64. Kxg5 Ra6
65. Rd8+ Kxh7 66. Rd7+ Kg8 67. Rd8+ Kf7 68. Rd7+ Ke8 69. Rg7 Kf8 70. Rg6 Ra5+
71. Kh6 Ra7 72. Rf6+ Kg8 73. Rg6+ Kh8 74. Rf6 Rb7 75. Rf8# {Normal} 1-0

[Event "Rated Blitz game"]
[Site "?"]
[Date "2021.05.12"]
[Round "?"]
[White "LordBendtner99"]
[Black "Slimslik02"]
[Result "0-1"]
[WhiteElo "2421"]
[BlackElo "2332"]
[PlyCount "98"]
[EventDate "2021.??.??"]
[EventType "blitz"]

1. e4 e5 2. Nf3 d5 3. exd5 Nf6 4. Nxe5 Bd6 5. Nf3 O-O 6. Be2 Re8 7. O-O Nxd5 8.
d4 Nf4 9. Bxf4 Bxf4 10. c4 Qf6 11. Nc3 c6 12. Re1 Bf5 13. Bd3 Rxe1+ 14. Qxe1
Nd7 15. Bxf5 Qxf5 16. Qe4 Qxe4 17. Nxe4 Re8 18. Re1 h6 19. g3 Bc7 20. Kg2 Kf8
21. Nc3 Rd8 22. b3 Ba5 23. Re3 Nf6 24. h3 Bxc3 25. Rxc3 Ne4 26. Re3 f5 27. Nh4
Nd6 28. Re5 Nf7 29. Nxf5 Nxe5 30. dxe5 Rd2 31. a4 Rd3 32. b4 Rb3 33. b5 cxb5
34. axb5 a5 35. bxa6 bxa6 36. Nd4 Rc3 37. c5 Kf7 38. c6 a5 39. f4 a4 40. f5 a3
41. e6+ Ke7 42. Nb5 Rc2+ 43. Kf3 a2 44. Nd4 Rc3+ 45. Kf4 a1=Q 46. g4 Qa4 47.
Ke5 Re3+ 48. Kd5 Rd3 49. Ke5 Qxd4# {Normal} 0-1

[Event "Rated Blitz game"]
[Site "?"]
[Date "2021.05.12"]
[Round "?"]
[White "againagain"]
[Black "GrandeGila"]
[Result "1-0"]
[WhiteElo "2553"]
[BlackElo "2489"]
[PlyCount "99"]
[EventDate "2021.??.??"]
[EventType "blitz"]

1. e4 e5 2. Nf3 d5 3. d3 dxe4 4. dxe4 Qxd1+ 5. Kxd1 Bg4 6. Be3 Nc6 7. Nbd2
O-O-O 8. c3 f5 9. exf5 e4 10. h3 Bh5 11. g4 exf3 12. gxh5 Nf6 13. Kc2 Ne5 14.
h6 gxh6 15. Re1 Nfd7 16. Rg1 a6 17. Nc4 Bd6 18. Nxd6+ cxd6 19. Bxh6 Rhg8 20.
Bd3 Nxd3 21. Kxd3 Ne5+ 22. Kd4 Kd7 23. Bf4 Rxg1 24. Rxg1 Rf8 25. Rg7+ Rf7 26.
Rxf7+ Nxf7 27. Ke4 Ke7 28. Kxf3 d5 29. Be3 Ne5+ 30. Kg3 Nd3 31. b4 Kf6 32. Kg4
Ne5+ 33. Kh5 Kxf5 34. Kh6 Nc4 35. Bd4 b5 36. Kxh7 Kg5 37. Kg7 Kh4 38. Kf7 Kxh3
39. Ke6 Kg4 40. Kxd5 Kf3 41. a4 Na3 42. a5 Nc4 43. Kc6 Ke4 44. Kb7 Kd5 45. Kxa6
Kc6 46. f4 Nd6 47. Be5 Nf5 48. Ka7 Ne7 49. Kb8 Kd7 50. a6 {Normal} 1-0

[Event "Rated Blitz game"]
[Site "?"]
[Date "2021.05.12"]
[Round "?"]
[White "LarsenMagnus"]
[Black "Gifroy"]
[Result "0-1"]
[WhiteElo "2527"]
[BlackElo "2423"]
[PlyCount "42"]
[EventDate "2021.??.??"]
[EventType "blitz"]

1. e4 e5 2. Nf3 d5 3. Nxe5 Bd6 4. d4 dxe4 5. Nc3 Bxe5 6. dxe5 Qxd1+ 7. Kxd1 Bf5
8. Bf4 Nc6 9. Bb5 Nge7 10. Bxc6+ Nxc6 11. Kc1 O-O-O 12. Re1 Rhe8 13. Nxe4 Nxe5
14. f3 Ng6 15. Bg3 Bxe4 16. fxe4 Rd4 17. e5 Rd5 18. Rf1 Nxe5 19. b3 f6 20. Kb2
Rd2 21. Rf2 Nd3+ {Normal} 0-1

[Event "Rated Blitz game"]
[Site "?"]
[Date "2021.05.12"]
[Round "?"]
[White "jbTraining"]
[Black "Gifroy"]
[Result "0-1"]
[WhiteElo "2452"]
[BlackElo "2432"]
[PlyCount "30"]
[EventDate "2021.??.??"]
[EventType "blitz"]

1. e4 e5 2. Nf3 d5 3. Nxe5 Bd6 4. d4 dxe4 5. Bf4 Nf6 6. Qd2 O-O 7. Be2 Nc6 8.
Nc3 Bf5 9. O-O-O Qe7 10. Nc4 Bb4 11. h3 Rad8 12. g4 Bg6 13. Be3 b5 14. Ne5 Nxe5
15. dxe5 Rxd2 {Normal} 0-1

[Event "Rated Blitz tournament JJj3pgVT"]
[Site "?"]
[Date "2021.05.12"]
[Round "?"]
[White "Raden_Babas"]
[Black "om_gendut"]
[Result "0-1"]
[WhiteElo "2205"]
[BlackElo "2405"]
[PlyCount "156"]
[EventDate "2021.??.??"]
[EventType "blitz"]

1. e4 e5 2. Nf3 d5 3. Nc3 dxe4 4. Nxe4 Nf6 5. Nxf6+ Qxf6 6. d3 h6 7. Be2 Bd6 8.
Be3 Nc6 9. Qd2 Bf5 10. h3 O-O-O 11. a3 e4 12. dxe4 Bb4 13. axb4 Rxd2 14. Nxd2
Bg6 15. c3 a6 16. O-O Kb8 17. f4 Rd8 18. f5 Bh7 19. Nf3 Qe7 20. Nd2 f6 21. b5
axb5 22. Bxb5 Ne5 23. Ba7+ Kc8 24. Nc4 Nxc4 25. Bxc4 Bg8 26. Bxg8 Rxg8 27. Rfe1
Rd8 28. Bd4 b6 29. b4 Kb7 30. Kf2 Re8 31. Kf3 Qd7 32. g4 Qd6 33. Re2 c5 34.
bxc5 bxc5 35. Rb2+ Kc7 36. Ra7+ Kd8 37. Be3 Re7 38. Ra8+ Kc7 39. Bf4 Re5 40.
Ra7+ Kc8 41. Rbb7 Qd3+ 42. Be3 Qxe4+ 43. Kg3 Qxe3+ 44. Kh4 Qg5+ 45. Kg3 Qe3+
46. Kh4 Qg5+ 47. Kg3 Re3+ 48. Kg2 Qf4 49. Rc7+ Qxc7 50. Rxc7+ Kxc7 51. h4 Rxc3
52. g5 hxg5 53. hxg5 fxg5 54. Kf2 Kd6 55. Ke2 Ke5 56. Kd2 Rc4 57. Kd3 Rd4+ 58.
Ke3 Kxf5 59. Kf3 g4+ 60. Kg3 c4 61. Kf2 c3 62. Ke3 Rd8 63. Ke2 c2 64. Kf2 Rc8
65. Kg3 c1=Q 66. Kh4 Qf4 67. Kh5 Qc1 68. Kh4 Qd1 69. Kg3 Ke4 70. Kh4 Kd3 71.
Kg5 Qf3 72. Kg6 g3 73. Kh7 g5 74. Kg6 g4 75. Kh5 g2 76. Kh4 g3 77. Kg5 Qf1 78.
Kg4 g1=Q {Normal} 0-1

[Event "Rated Blitz game"]
[Site "?"]
[Date "2021.05.12"]
[Round "?"]
[White "Barry_Lindon"]
[Black "KamranShirazi"]
[Result "1-0"]
[WhiteElo "2570"]
[BlackElo "2573"]
[PlyCount "93"]
[EventDate "2021.??.??"]
[EventType "blitz"]

1. e4 e5 2. Nf3 d5 3. exd5 e4 4. Qe2 Nf6 5. Nc3 Be7 6. Ng5 Nxd5 7. Ngxe4 Nb4 8.
d3 f5 9. Ng3 O-O 10. a3 Re8 11. axb4 Bxb4 12. Be3 f4 13. Nge4 fxe3 14. Qxe3 Nc6
15. Be2 Nd4 16. Rc1 Bf5 17. O-O Bxc3 18. bxc3 Nxe2+ 19. Qxe2 Bxe4 20. dxe4 a5
21. Rfe1 a4 22. Ra1 a3 23. h3 Qe7 24. Qc4+ Kh8 25. Qb3 Ra6 26. e5 Qc5 27. Qb4
b6 28. Qxc5 bxc5 29. f4 g6 30. g4 Ra4 31. Rf1 g5 32. fxg5 Rxe5 33. Rf7 a2 34.
h4 Rxg4+ 35. Kf2 Rxh4 36. Rxa2 Re8 37. Ra7 Rc8 38. Kg3 Rc4 39. Rf3 Kg7 40. Rd3
Kg6 41. Rd5 Rxc3+ 42. Kf4 Rc4+ 43. Ke5 Kxg5 44. Ke6+ Kg6 45. Kd7 Rf8 46. Rxc7
Rf7+ 47. Kd6 {Time forfeit} 1-0

[Event "Rated Rapid game"]
[Site "?"]
[Date "2021.05.12"]
[Round "?"]
[White "BGM2890"]
[Black "todosarrugan"]
[Result "1-0"]
[WhiteElo "2479"]
[BlackElo "2319"]
[PlyCount "37"]
[EventDate "2021.??.??"]
[EventType "rapid"]

1. e4 e5 2. Nf3 d5 3. exd5 e4 4. Qe2 Nf6 5. d3 Qxd5 6. Nfd2 Be6 7. dxe4 Qd7 8.
Nc3 Bc5 9. Qb5 Qxb5 10. Bxb5+ c6 11. Be2 O-O 12. Nb3 Bb4 13. f3 Nbd7 14. Be3 a5
15. Nd4 a4 16. a3 Bxc3+ 17. bxc3 Nc5 18. Nxc6 bxc6 19. Bxc5 {Normal} 1-0